Statystyki dla Przegrani w Finale Ligi Mistrzów

Kliknij tutaj aby rozwiązać quiz!

Ogólne statystyki

  • Ten quiz został rozwiązany 835 razy
    (612 od ostatniego zresetowania)
  • Średni wynik to 45 z 67

Statystyki odpowiedzi

RokKlub% Poprawnych
2022Liverpool FC
97%
2018Liverpool FC
97%
1985Liverpool FC
97%
2007Liverpool FC
97%
2021Manchester City
95%
2015Juventus FC
94%
1983Juventus FC
94%
1997Juventus FC
94%
1998Juventus FC
94%
2003Juventus FC
94%
1973Juventus FC
94%
2017Juventus FC
94%
2020Paris Saint-Germain F.C.
94%
1994FC Barcelona
93%
1986FC Barcelona
93%
1961FC Barcelona
93%
1993AC Milan
92%
1995AC Milan
92%
1958AC Milan
92%
2005AC Milan
92%
2002Bayer Leverkusen
92%
2011Manchester United
92%
2009Manchester United
92%
1964Real Madryt
91%
1981Real Madryt
91%
1962Real Madryt
91%
2014Atletico Madryt
90%
1974Atletico Madryt
90%
2016Atletico Madryt
90%
2008Chelsea FC
90%
2013Borussia Dortmund
87%
1967Inter Mediolan
86%
2019Tottenham Hotspur
83%
1999Bayern Monachium
82%
1982Bayern Monachium
82%
2010Bayern Monachium
82%
1987Bayern Monachium
82%
2012Bayern Monachium
82%
2006Arsenal FC
80%
1969AFC Ajax Amsterdam
72%
1996AFC Ajax Amsterdam
72%
1968SL Benfica Lizbona
65%
1988SL Benfica Lizbona
65%
1990SL Benfica Lizbona
65%
1963SL Benfica Lizbona
65%
1965SL Benfica Lizbona
65%
1991Olympique Marsylia
61%
2001Valencia CF
51%
2000Valencia CF
51%
2004AS Monaco
47%
1984AS Roma
33%
1980Hamburger SV
30%
1989Steaua Bukareszt
21%
1957ACF fiorentina
18%
1970Celtic FC Glasgow
18%
1960Eintracht Frankfurt
18%
1992UC Sampdoria Genua
18%
1975Leeds United
16%
1979Malmö FF
15%
1977Borussia Mönchengladbach
14%
1959Stade de Reims
14%
1956Stade de Reims
14%
1966Partizan Belgrad
12%
1978Club Brugge
11%
1976AS Saint-Étienne
8%
1972Inter Mediolan
7%
1971Panathinaikos AO Ateny
6%

Rozkład punktacji

Percentyl według liczby udzielonych odpowiedzi

Procent ludzi z każdym wynikiem

Twoja historia wyników

Nie rozwiązałeś tego quizu od ostatniego zresetowania